Phân tích hành vi người tiêu dùng hàng may mặc thương hiệu Việt của người dân ĐBSCL : Luận văn thạc sĩ kinh tế chuyên ngành quản trị kinh doanh
Đề tài phân tích hành vi người tiêu dùng hàng may mặc thương hiệu Việt của người dân ĐBSCL . Các phương pháp sử dụng : phương pháp thống kê mô tả, phuơng pháp Crobach Alpha, yếu tố khám phá EFA, phân tích hồi quy đa biến và phân tích Anova.G...
Guardado en:
| Autor principal: | |
|---|---|
| Formato: | Libro |
| Lenguaje: | Undetermined |
| Publicado: |
Cần Thơ
Trường Đại học Cần Thơ
2009
|
| Materias: | |
| Etiquetas: |
Agregar Etiqueta
Sin Etiquetas, Sea el primero en etiquetar este registro!
|
| Thư viện lưu trữ: | Trung tâm Học liệu Trường Đại học Cần Thơ |
|---|
| LEADER | 01476nam a2200229Ia 4500 | ||
|---|---|---|---|
| 001 | CTU_162036 | ||
| 008 | 210402s9999 xx 000 0 und d | ||
| 082 | |a 658.812 | ||
| 082 | |b T120 | ||
| 088 | |a 60340102 | ||
| 100 | |a Trần, Thị Thanh Tâm | ||
| 245 | 0 | |a Phân tích hành vi người tiêu dùng hàng may mặc thương hiệu Việt của người dân ĐBSCL : | |
| 245 | 0 | |b Luận văn thạc sĩ kinh tế chuyên ngành quản trị kinh doanh | |
| 245 | 0 | |c Trần Thị Thanh Tâm ; Lưu Thanh Đức Hải (hướng dẫn khoa học) | |
| 260 | |a Cần Thơ | ||
| 260 | |b Trường Đại học Cần Thơ | ||
| 260 | |c 2009 | ||
| 520 | |a Đề tài phân tích hành vi người tiêu dùng hàng may mặc thương hiệu Việt của người dân ĐBSCL . Các phương pháp sử dụng : phương pháp thống kê mô tả, phuơng pháp Crobach Alpha, yếu tố khám phá EFA, phân tích hồi quy đa biến và phân tích Anova.Gồm 4 yếu tố ảnh hưởng đến hành vi tiêu dùng : yếu tố tâm lý, yếu tố xã hội, yếu tố cá nhân, yếu tố tâm lý. | ||
| 650 | |a Customer services,Dịch vụ khách hàng | ||
| 650 | |x Quality control,Kiểm soát chất lượng | ||
| 904 | |i Thu,Qhieu | ||
| 980 | |a Trung tâm Học liệu Trường Đại học Cần Thơ | ||